| 000 | 00646cam a2200241Ii 4500 | ||
|---|---|---|---|
| 020 | _a9781413319194 (pbk.) | ||
| 020 | _a141331919X (pbk.) | ||
| 020 | _a9781413319200 (epub ebook) | ||
| 020 | _a1413319203 (epub ebook) | ||
| 022 | 0 | _a2169-3862 | |
| 040 | _cBTCTA | ||
| 082 | 0 | 4 | _a658 NOL 2013 A114 Or. |
| 100 | 1 | _aDelPo, Amy, | |
| 245 | 1 | 0 |
_aDealing with problem employees : _ba legal guide / |
| 250 | _aSeventh edition | ||
| 300 |
_a412 pages ; _c23 cm |
||
| 500 | _aIncludes index | ||
| 650 | 0 | _aLabor laws and legislation | |
| 650 | 0 | _aLabor discipline | |
| 650 | 0 | _aProblem employees | |
| 700 | 1 | _aGuerin, Lisa, | |
| 942 | _cEK | ||
| 999 |
_c17435 _d17435 |
||